000
00229nmm a2200085Ia 4500
008
220120s9999||||xx |||||||||||||||||und||
100
_a
PCQ
245
0
_a
12 open source health monitoring tools
260
_a
Cyber media Pvt. Ltd.
_c
2014
999
_c
139911
_d
139911